Paroles - Le Paradis Blanc - Michel Berger - Statistiques

Statistiques générales
  • Ce quiz a été pris 1 011 fois
  • Le résultat moyen est 168 sur 224
Statistiques - réponses
Réponse % Correct
Le
100%
le
100%
blanc
99%
paradis
99%
dans
98%
a
97%
à
97%
A
97%
Je
97%
de
96%
les
94%
94%
94%
ou
94%
dormir
93%
irai
93%
m'en
93%
Comme
92%
comme
92%
avant
88%
88%
des
87%
dès
87%
et
87%
Et
87%
rêves
87%
d'enfant
86%
mes
86%
en
83%
Il
83%
Qu'on
82%
qu'on
82%
temps
82%
y
81%
Y
81%
du
80%
si
80%
plus
79%
Que
77%
que
77%
oublie
76%
pour
76%
se
74%
noir
73%
tant
72%
distinguer
71%
sont
71%
désespoir
69%
aura
68%
fumée
68%
monde
68%
n'y
68%
vent
68%
vagues
66%
avec
65%
commencé
65%
d'idée
65%
l'énergie
65%
d'argent
64%
pourra
64%
sonner
64%
téléphone
64%
Tout
63%
tout
63%
d'abonné
62%
Recommencer
62%
recommencer
62%
n'arrive
61%
soleil
61%
poissons
60%
aux
58%
faux
58%
vrai
58%
jour
57%
silence
56%
Ce
55%
courir
55%
qui
55%
levant
54%
nuits
53%
respirer
52%
longues
51%
Parler
51%
baleines
50%
Loin
49%
sang
47%
c'est
46%
seul
45%
combats
44%
d'idées
42%
j'aurai
42%
nous
42%
seront
42%
aimer
41%
donné
41%
condamner
40%
jouer
40%
vivant
39%
d'être
38%
usés
38%
Retrouver
37%
dedans
36%
D'avoir
35%
haine
34%
claviers
33%
osé
33%
regards
33%
baigne
32%
décider
32%
montrant
32%
Toujours
32%
manchots
31%
pur
30%
s'amusent
30%
vouloir
28%
jouent
27%
essayer
26%
l'air
22%
reste
14%
Aucun quiz correspondant
Distribution des résultats
% des personnes avec chaque résultat
Percentile par nombre de réponses
Votre historique - résultats
Vous n’avez pas pris ce quiz